Normal view
MARC view
Entry Topical Term
001 - CONTROL NUMBER
- control field: 14842
003 - CONTROL NUMBER IDENTIFIER
- control field: BD-RjUL
005 - DATE AND TIME OF LATEST TRANSACTION
- control field: 20250126120322.0
008 - FIXED-LENGTH DATA ELEMENTS
- fixed length control field: 250126|| aca||aabn | a|a d
040 ## - CATALOGING SOURCE
- Original cataloging agency: BD-RjUL
- Transcribing agency: BD-RjUL
150 ## - HEADING--TOPICAL TERM
- Topical term or geographic name entry element: Workers Insurance
670 ## - SOURCE DATA FOUND
- Source citation: Work cat.: (BD-RjUL)84616: League of Nations, International Labour Office. 14841, Economical Administration of Health Insurance Benefits /, 1938